zpět

Detail výsledku týmu

Meziprostor, České Budějovice

Datum a čas kvízu

34 Celkem bodů Celkový počet nahraných bodů na tomto kvízu bez doplňovacích otázek.
2. Pořadí na kvízu Konečné umístění týmu na tomto kvízu.

Zaznamenané odpovědi

# Otázka Odpověď Body Výsledky
1. Na prvního Máje se konal jubil... za porušení nočního klidu 1
2. Banksy minulý týden nainstalov... vlajku/prapor 1
3. Minulý týden jsme se dozvěděli... Django; Zorro 0.5
4. Který stát překvapivě a bez ko... B 0
5. Minulý týden skončilo mistrovs... třetí 1
6. Ve filmu Sedm sledujeme detekt... závist (J. Doe), hněv (detektiv Mills) 0
7. Tato fotka je známým interneto... Americké psycho 1
8. Postava Karla Kopfrkingla je p... chrám smrti 1
9. Přiřaďte zločince k jejich fil... 1D 2A 3C 4B 0
10. Mladý syn se poprvé přímo zapo... Kmotr, Mario Puzo 1